[Event "Titled Tuesday intern op 27th Feb Late"]
[Site "Chess.com INT"]
[Date "2024.02.27"]
[Round "6"]
[White "Gonzalez Zharikov, Andrey"]
[Black "Yahi, Mohamed Salem"]
[Result "1-0"]
[WhiteElo "1985"]
[BlackElo "1789"]
[PlyCount "77"]
[EventDate "2024.02.27"]
[EventType "swiss (blitz)"]
[EventRounds "11"]
[EventCountry "USA"]
[SourceTitle "CB10_2024"]
[SourceDate "2024.03.06"]
[SourceVersion "1"]
[SourceVersionDate "2024.03.06"]
[SourceQuality "1"]

1. e4 d6 2. d4 Nf6 3. Nc3 g6 4. f3 Bg7 5. Be3 0-0 6. Qd2 Nc6 7. Nge2 e5 8. 0-0-0 Bd7 9. g4 exd4 10. Nxd4 Ne5 11. Be2 Bc6 12. h4 a6 13. h5 Re8 14. hxg6 hxg6 15. g5 Nfd7 16. f4 Bxe4 17. Nxe4 Nc6 18. Nxc6 bxc6 19. Bd3 Rb8 20. b3 d5 21. Ng3 Qe7 22. Rde1 Qa3+ 23. Kd1 Qxa2 24. f5 Be5 25. fxg6 Bxg3 26. gxf7+ Kxf7 27. Ref1+ Ke7 28. Qg2 Qa1+ 29. Ke2 Qe5 30. Rf5 Qxe3+ 31. Kxe3 Kd8+ 32. Kd2 Bd6 33. g6 Nc5 34. g7 Kd7 35. Rf7+ Re7 36. Rxe7+ Bxe7 37. g8Q Rxg8 38. Qxg8 Ne6 39. Bf5 1-0

[Event "Titled Tuesday intern op 27th Feb Late"]
[Site "Chess.com INT"]
[Date "2024.02.27"]
[Round "3"]
[White "Ivanov, Mikhail M"]
[Black "Yahi, Mohamed Salem"]
[Result "0-1"]
[WhiteElo "2275"]
[BlackElo "1789"]
[PlyCount "72"]
[EventDate "2024.02.27"]
[EventType "swiss (blitz)"]
[EventRounds "11"]
[EventCountry "USA"]
[SourceTitle "CB10_2024"]
[SourceDate "2024.03.06"]
[SourceVersion "1"]
[SourceVersionDate "2024.03.06"]
[SourceQuality "1"]

1. Nf3 d6 2. g3 Nf6 3. d4 g6 4. Bg2 Bg7 5. c4 0-0 6. 0-0 Nc6 7. Nc3 Bg4 8. b3 Rb8 9. Bb2 e5 10. dxe5 dxe5 11. Qxd8 Rfxd8 12. h3 Bxf3 13. Bxf3 e4 14. Bg2 Re8 15. Rfd1 e3 16. f4 Nh5 17. Kh2 Nd4 18. Nd5 Nxe2 19. Bxg7 Kxg7 20. Nxc7 Re7 21. Nd5 Ree8 22. g4 Nhxf4 23. Bf3 Nxd5 24. cxd5 Nf4 25. Kg3 g5 26. d6 e2 27. Re1 Rbd8 28. Rac1 Nd3 29. Rb1 Nxe1 30. Rxe1 Rxd6 31. Bxe2 Rde6 32. Kf2 Rf6+ 33. Kg2 a5 34. a4 Rf4 35. Kg3 Re3+ 36. Kg2 Kf6 0-1

[Event "Titled Tuesday intern op 27th Feb Late"]
[Site "Chess.com INT"]
[Date "2024.02.27"]
[Round "11"]
[White "Sena, Juan Oscar"]
[Black "Yahi, Mohamed Salem"]
[Result "1-0"]
[WhiteElo "1909"]
[BlackElo "1789"]
[PlyCount "27"]
[EventDate "2024.02.27"]
[EventType "swiss (blitz)"]
[EventRounds "11"]
[EventCountry "USA"]
[SourceTitle "CB10_2024"]
[SourceDate "2024.03.06"]
[SourceVersion "1"]
[SourceVersionDate "2024.03.06"]
[SourceQuality "1"]

1. e4 d6 2. d4 Nf6 3. Nc3 g6 4. Bg5 Bg7 5. Nf3 0-0 6. Bc4 Bg4 7. h3 Bxf3 8. Qxf3 Nc6 9. 0-0-0 e5 10. Nd5 Nxd4 11. Rxd4 exd4 12. Nxf6+ Bxf6 13. Bxf6 Qe8 14. Qf4 1-0

[Event "Titled Tuesday intern op 27th Feb Late"]
[Site "Chess.com INT"]
[Date "2024.02.27"]
[Round "8"]
[White "Vargas, Mauricio"]
[Black "Yahi, Mohamed Salem"]
[Result "0-1"]
[WhiteElo "1957"]
[BlackElo "1789"]
[PlyCount "100"]
[EventDate "2024.02.27"]
[EventType "swiss (blitz)"]
[EventRounds "11"]
[EventCountry "USA"]
[SourceTitle "CB10_2024"]
[SourceDate "2024.03.06"]
[SourceVersion "1"]
[SourceVersionDate "2024.03.06"]
[SourceQuality "1"]

1. e4 d6 2. Nc3 Nf6 3. f4 g6 4. Nf3 Bg7 5. Bc4 0-0 6. d3 Bg4 7. 0-0 Nc6 8. a3 Nd4 9. Nd5 Nxd5 10. Bxd5 c6 11. Ba2 Nxf3+ 12. gxf3 Bh3 13. Rf2 Bd4 14. Qe1 Qb6 15. c3 Bxf2+ 16. Qxf2 Qxf2+ 17. Kxf2 Be6 18. c4 b5 19. b3 a5 20. Be3 a4 21. bxa4 Rxa4 22. cxb5 Bxa2 23. Rxa2 cxb5 24. Bd2 Rfa8 25. Bc1 b4 26. Rc2 bxa3 27. Ra2 Rc8 28. Rxa3 Rxa3 29. Bxa3 Rc3 30. Bb4 Rxd3 31. Ke2 Rb3 32. Be1 Kf8 33. Bd2 Ke8 34. e5 d5 35. Be3 e6 36. Bc5 Rb2+ 37. Kf1 Rxh2 38. Bf2 Kd7 39. Kg1 Rh5 40. Kg2 Kc6 41. Bg1 Rf5 42. Kg3 h5 43. Be3 Kb5 44. Kh4 Kc4 45. Kg3 Kd3 46. Bc5 d4 47. Be7 Kc3 48. Bc5 d3 49. Be3 d2 50. Bxd2+ Kxd2 0-1

[Event "Titled Tuesday intern op 27th Feb Late"]
[Site "Chess.com INT"]
[Date "2024.02.27"]
[Round "7"]
[White "Yahi, Mohamed Salem"]
[Black "Jiganchine, Roman"]
[Result "0-1"]
[WhiteElo "1789"]
[BlackElo "2205"]
[PlyCount "94"]
[EventDate "2024.02.27"]
[EventType "swiss (blitz)"]
[EventRounds "11"]
[EventCountry "USA"]
[SourceTitle "CB10_2024"]
[SourceDate "2024.03.06"]
[SourceVersion "1"]
[SourceVersionDate "2024.03.06"]
[SourceQuality "1"]

1. e4 c6 2. Nf3 d5 3. e5 Bg4 4. d4 e6 5. c3 c5 6. dxc5 Bxf3 7. Qxf3 Nd7 8. b4 Nxe5 9. Qg3 Ng6 10. Bb5+ Ke7 11. 0-0 a6 12. Ba4 Nh6 13. Bxh6 gxh6 14. Nd2 Bg7 15. Rac1 Be5 16. Qd3 Kf8 17. f4 Bxf4 18. g3 Bg5 19. Rce1 Kg7 20. Nf3 Rf8 21. Bc2 Kg8 22. h4 Qc7 23. Kg2 Bxh4 24. gxh4 Nf4+ 25. Kh1 Nxd3 26. Bxd3 Kh8 27. Ne5 f6 28. Ng4 Qg7 29. Rg1 f5 30. Ne5 Qf6 31. Nd7 Qxh4+ 32. Kg2 Rg8+ 33. Kf3 Qh3+ 34. Ke2 Qh2+ 35. Kd1 Rxg1 36. Rxg1 Qxg1+ 37. Kc2 Qe3 38. c6 bxc6 39. Nc5 Rg8 40. Bxa6 Rg2+ 41. Kb3 h5 42. a4 h4 43. a5 h3 44. Bc8 h2 45. a6 h1Q 46. a7 Qb1+ 47. Ka4 Ra2# 0-1

[Event "Arab-ch"]
[Site "Dubai"]
[Date "2021.11.29"]
[Round "6"]
[White "Ali Abdullahi, Farah"]
[Black "Yahi, Mohamed Salem"]
[Result "1-0"]
[WhiteElo "1972"]
[BlackElo "1869"]
[PlyCount "103"]
[EventDate "2021.11.26"]
[EventType "swiss"]
[EventRounds "9"]
[EventCountry "UAE"]
[SourceTitle "CBM 205 Extra"]
[Source "ChessBase"]
[SourceDate "2022.01.31"]
[SourceVersion "1"]
[SourceVersionDate "2022.01.31"]
[SourceQuality "1"]

1. d4 e6 2. Bf4 d5 3. e3 c5 4. c3 Nc6 5. Nf3 Nf6 6. Bd3 c4 7. Bc2 h6 8. Nbd2 Bd6 9. Ne5 Qc7 10. Ndf3 Nh5 11. Nxc6 Nxf4 12. exf4 bxc6 13. Ne5 Bxe5 14. fxe5 Rb8 15. Rb1 c5 16. 0-0 cxd4 17. Qxd4 0-0 18. b4 cxb3 19. axb3 Ba6 20. Rfc1 Rfc8 21. Ra1 Rb6 22. Bd1 Qc5 23. Qd2 Rbc6 24. h3 Qe7 25. Kh2 f6 26. exf6 Qxf6 27. Bf3 Rd8 28. Rd1 Rcd6 29. Qe3 Rb6 30. Rd4 Rc8 31. Raa4 Rc7 32. c4 dxc4 33. bxc4 e5 34. Bd5+ Kh8 35. Re4 Bb7 36. Rxe5 Bxd5 37. cxd5 Rf7 38. f4 Qg6 39. Ra2 Qb1 40. Re2 Ra6 41. Re8+ Kh7 42. g4 Ra1 43. Qe4+ Qxe4 44. R2xe4 Rd1 45. Rd8 a5 46. f5 Rb7 47. Ree8 g5 48. Re2 Kg7 49. d6 Kf7 50. Kg2 a4 51. Kf2 a3 52. Re7+ 1-0

[Event "Arab-ch"]
[Site "Dubai"]
[Date "2021.11.28"]
[Round "4"]
[White "Ahmad, Al Khatib"]
[Black "Yahi, Mohamed Salem"]
[Result "1-0"]
[WhiteElo "2218"]
[BlackElo "1869"]
[PlyCount "55"]
[EventDate "2021.11.26"]
[EventType "swiss"]
[EventRounds "9"]
[EventCountry "UAE"]
[SourceTitle "CBM 205 Extra"]
[Source "ChessBase"]
[SourceDate "2022.01.31"]
[SourceVersion "1"]
[SourceVersionDate "2022.01.31"]
[SourceQuality "1"]

1. Nf3 e6 2. g3 d5 3. Bg2 Nf6 4. 0-0 c5 5. d3 Nc6 6. Nbd2 Be7 7. e4 dxe4 8. dxe4 0-0 9. e5 Nd7 10. Re1 Qc7 11. Qe2 Re8 12. c3 a6 13. Nc4 Rb8 14. Bg5 Bxg5 15. Nxg5 h6 16. Nxf7 Kxf7 17. Nd6+ Ke7 18. Qh5 Rf8 19. Qh4+ Nf6 20. exf6+ Rxf6 21. Ne4 Qe5 22. Nxf6 Qxf6 23. Qc4 Kf7 24. Rad1 Kg8 25. Qxc5 e5 26. Bxc6 bxc6 27. Qxe5 Qxe5 28. Rd8+ 1-0

[Event "Africa-ch Blitz"]
[Site "Casablanca"]
[Date "2019.08.28"]
[Round "8.22"]
[White "Foua, Aroll Junior"]
[Black "Yahi, Mohamed Salem"]
[Result "1/2-1/2"]
[WhiteElo "1680"]
[BlackElo "1784"]
[PlyCount "64"]
[EventDate "2019.08.28"]
[EventType "swiss (blitz)"]
[EventRounds "9"]
[EventCountry "MAR"]
[SourceTitle "EXT 2024"]
[Source "ChessBase"]
[SourceDate "2023.10.10"]
[SourceVersion "1"]
[SourceVersionDate "2023.10.10"]
[SourceQuality "1"]

1. e4 d6 2. d4 Nf6 3. Nc3 g6 4. Bg5 Bg7 5. Nf3 Bg4 6. Be2 c6 7. h3 Bxf3 8. Bxf3 0-0 9. 0-0 b5 10. e5 Nd5 11. Bxd5 cxd5 12. Nxd5 f6 13. exf6 exf6 14. Bh4 Nc6 15. c3 Ne7 16. Qb3 Nxd5 17. Qxd5+ Kh8 18. Qxb5 Rb8 19. Qa6 Qc7 20. Bg3 Rfd8 21. b3 Rb6 22. Qd3 Rc6 23. c4 f5 24. Rad1 Ra6 25. a4 Qb6 26. Rfe1 Rb8 27. Rb1 Qxd4 28. Qxd4 Bxd4 29. Red1 Be5 30. Bxe5+ dxe5 31. Rd7 Rxa4 32. bxa4 Rxb1+ 1/2-1/2

[Event "Africa-ch Blitz"]
[Site "Casablanca"]
[Date "2019.08.28"]
[Round "1.16"]
[White "Yahi, Mohamed Salem"]
[Black "Zaibi, Amir"]
[Result "0-1"]
[WhiteElo "1784"]
[BlackElo "2233"]
[PlyCount "68"]
[EventDate "2019.08.28"]
[EventType "swiss (blitz)"]
[EventRounds "9"]
[EventCountry "MAR"]
[SourceTitle "EXT 2024"]
[Source "ChessBase"]
[SourceDate "2023.10.10"]
[SourceVersion "1"]
[SourceVersionDate "2023.10.10"]
[SourceQuality "1"]

1. e4 c5 2. Nf3 Nc6 3. d4 cxd4 4. Nxd4 e5 5. Nxc6 bxc6 6. c4 Nf6 7. Nc3 Bc5 8. Be2 0-0 9. 0-0 d6 10. Bg5 h6 11. Bh4 g5 12. Bg3 Kg7 13. Qc2 Qe7 14. Rad1 Be6 15. Na4 Bd4 16. b4 Rfb8 17. a3 a5 18. Rxd4 exd4 19. c5 dxc5 20. Bxb8 Rxb8 21. Nxc5 axb4 22. axb4 Rxb4 23. Nxe6+ Qxe6 24. Bd3 Nd7 25. f4 gxf4 26. Rxf4 Ne5 27. Rf5 f6 28. Qe2 Qb3 29. Rxe5 fxe5 30. Qg4+ Kf8 31. Qf5+ Qf7 32. Qc8+ Kg7 33. Qg4+ Kh7 34. h4 Rb2 0-1

[Event "African-ch rapid"]
[Site "Casablanca"]
[Date "2019.08.26"]
[Round "4"]
[White "Gole, Habtamu Ashenafi"]
[Black "Yahi, Mohamed Salem"]
[Result "1-0"]
[WhiteElo "2046"]
[BlackElo "1928"]
[PlyCount "79"]
[EventDate "2019.08.26"]
[EventType "swiss (rapid)"]
[EventRounds "9"]
[EventCountry "MAR"]
[SourceTitle "EXT 2020"]
[Source "ChessBase"]
[SourceDate "2019.10.17"]
[SourceVersion "1"]
[SourceVersionDate "2019.10.17"]
[SourceQuality "1"]

1. d4 d6 2. c4 Nf6 3. Nc3 g6 4. e4 Bg7 5. Be3 Nc6 6. f3 e5 7. d5 Ne7 8. Qd2 a6 9. Nge2 c6 10. Ng3 cxd5 11. cxd5 b5 12. h4 h5 13. Bd3 Bb7 14. Qf2 Nd7 15. b4 Nc8 16. Bg5 Qb6 17. Be3 Qd8 18. a4 0-0 19. axb5 axb5 20. Rxa8 Bxa8 21. Nxb5 Nf6 22. 0-0 Qd7 23. Rc1 Qd8 24. Qa2 Nb6 25. Nc7 Bb7 26. Bxb6 Nd7 27. Bf2 Qxh4 28. Nf5 Qf6 29. Nxg7 Kxg7 30. Qa4 Bc8 31. Bb5 Qf4 32. Rd1 Nf6 33. Qa7 h4 34. Qe3 Qxe3 35. Bxe3 Nh5 36. Ne8+ Kh7 37. Rc1 Ba6 38. Bc6 Ng3 39. Ra1 Bd3 40. Ra7 1-0

[Event "MTN-ch"]
[Site "Nouakchott"]
[Date "2019.04.04"]
[Round "9"]
[White "Yahi, Mohamed Salem"]
[Black "Mohamed, Salem Ghailani"]
[Result "1-0"]
[WhiteElo "1915"]
[BlackElo "1628"]
[PlyCount "71"]
[EventDate "2019.03.29"]
[EventType "tourn"]
[EventRounds "9"]
[EventCountry "MAU"]
[SourceTitle "CBM 190 Extra"]
[Source "ChessBase"]
[SourceDate "2019.07.15"]
[SourceVersion "1"]
[SourceVersionDate "2019.07.15"]
[SourceQuality "1"]

1. e4 e5 2. Nf3 Nf6 3. Bc4 Bc5 4. 0-0 d6 5. d4 exd4 6. Nxd4 0-0 7. Bg5 h6 8. Bh4 Nbd7 9. Nc3 c6 10. Nf5 b5 11. Bb3 Qc7 12. Bg3 b4 13. Na4 Nxe4 14. Nxc5 Nxg3 15. Nxd7 Nxf5 16. Nxf8 Kxf8 17. Qd3 a5 18. a4 Bd7 19. Rfe1 d5 20. Rad1 g6 21. c4 bxc3 22. Qxc3 d4 23. Qc5+ Kg7 24. g4 Nh4 25. Qxd4+ Kh7 26. Re3 Bc8 27. Qf6 Bxg4 28. Qxh4 Bxd1 29. Bxd1 Rb8 30. Bb3 Rb4 31. Qf6 Rf4 32. Qe7 Rg4+ 33. Kf1 Qf4 34. Bxf7 Kh8 35. Qf8+ Kh7 36. Qg8# 1-0

[Event "MTN-ch"]
[Site "Nouakchott"]
[Date "2019.04.02"]
[Round "7"]
[White "Yahi, Mohamed Salem"]
[Black "Hemam, Moulaye Brahim"]
[Result "1/2-1/2"]
[WhiteElo "1915"]
[BlackElo "2058"]
[PlyCount "109"]
[EventDate "2019.03.29"]
[EventType "tourn"]
[EventRounds "9"]
[EventCountry "MAU"]
[SourceTitle "CBM 190 Extra"]
[Source "ChessBase"]
[SourceDate "2019.07.15"]
[SourceVersion "1"]
[SourceVersionDate "2019.07.15"]
[SourceQuality "1"]

1. e4 c5 2. Nf3 g6 3. d4 cxd4 4. Nxd4 Nc6 5. Nc3 Bg7 6. Be3 Nf6 7. Qd2 d5 8. Nxc6 bxc6 9. 0-0-0 0-0 10. Bh6 Qa5 11. Bxg7 Kxg7 12. exd5 cxd5 13. Qd4 Rb8 14. h4 Bf5 15. Bd3 e5 16. Qxe5 Rfe8 17. Qd6 Bxd3 18. Rxd3 Rbd8 19. Qf4 Ne4 20. a3 Nxc3 21. Rxc3 d4 22. Rd3 Re1+ 23. Rxe1 Qxe1+ 24. Rd1 Qe6 25. Kb1 Qd5 26. g4 h6 27. g5 h5 28. Qf6+ Kg8 29. Re1 d3 30. cxd3 Qxd3+ 31. Ka1 Rf8 32. Qe5 Qc4 33. Qe4 Rc8 34. Qxc4 Rxc4 35. Rh1 a5 36. b3 Rc2 37. Rf1 Kg7 38. Kb1 Re2 39. f4 f5 40. gxf6+ Kf7 41. f5 Kxf6 42. fxg6+ Kxg6 43. Rf4 Rg2 44. Ra4 Rg4 45. Rxa5 Rxh4 46. b4 Rf4 47. b5 h4 48. b6 h3 49. b7 Rf8 50. Rc5 Rb8 51. Rc3 Rxb7+ 52. Ka2 h2 53. Rg3+ Kf5 54. Rh3 Ke5 55. Rxh2 1/2-1/2

[Event "MTN-ch"]
[Site "Nouakchott"]
[Date "2019.03.30"]
[Round "2"]
[White "Hassan, Abderrahmane"]
[Black "Yahi, Mohamed Salem"]
[Result "1-0"]
[WhiteElo "1783"]
[BlackElo "1915"]
[PlyCount "115"]
[EventDate "2019.03.29"]
[EventType "tourn"]
[EventRounds "9"]
[EventCountry "MAU"]
[SourceTitle "CBM 190 Extra"]
[Source "ChessBase"]
[SourceDate "2019.07.15"]
[SourceVersion "1"]
[SourceVersionDate "2019.07.15"]
[SourceQuality "1"]

1. d4 d5 2. Bf4 Nf6 3. e3 e6 4. Nf3 Bb4+ 5. c3 Be7 6. Bd3 Nbd7 7. Nbd2 c5 8. Ne5 0-0 9. h4 Nxe5 10. dxe5 Ne4 11. Nxe4 dxe4 12. Bxe4 f5 13. exf6 Qxd1+ 14. Rxd1 Bxf6 15. Bd6 Rf7 16. Bxc5 Bd7 17. g4 Ba4 18. Rd2 Rc7 19. Bd6 Rd7 20. g5 Bd8 21. Be5 Re7 22. Bd6 Rd7 23. Be5 Re7 24. b3 Bb5 25. a4 Be8 26. Ke2 Bb6 27. Rhd1 Rc8 28. Bd6 Rd7 29. Be5 Re7 30. Rd3 a6 31. R3d2 Ba5 32. b4 Bb6 33. a5 Bc7 34. Bxc7 Rcxc7 35. Rc1 Bb5+ 36. Ke1 Rc4 37. Rd4 Rc8 38. c4 Rec7 39. Bd3 h6 40. gxh6 gxh6 41. Rc2 Ba4 42. Rc1 Rg7 43. Bf1 Bc6 44. b5 e5 45. Rd6 Bxb5 46. Kd2 Bc6 47. Rxh6 Rf7 48. Ke1 Bf3 49. c5 Rd8 50. Bc4 Kg7 51. Bxf7 Kxh6 52. Bc4 Kh5 53. Be2 Bxe2 54. Kxe2 Kxh4 55. c6 Rb8 56. c7 Rc8 57. Kd3 Kg4 58. Ke4 1-0

[Event "Olympiad-43"]
[Site "Batumi"]
[Date "2018.09.30"]
[Round "6.75"]
[White "Yahi, Mohamed Salem"]
[Black "Volpinari, Danilo"]
[Result "0-1"]
[WhiteElo "1926"]
[BlackElo "1985"]
[PlyCount "134"]
[EventDate "2018.09.24"]
[EventType "team-swiss"]
[EventRounds "11"]
[EventCountry "GEO"]
[SourceTitle "CBM 187"]
[Source "ChessBase"]
[SourceDate "2018.12.11"]
[SourceVersion "1"]
[SourceVersionDate "2018.12.11"]
[SourceQuality "1"]
[WhiteTeam "Mauritania"]
[BlackTeam "San Marino"]
[WhiteTeamCountry "MAU"]
[BlackTeamCountry "SMR"]

1. d4 d5 2. c4 c6 3. Nc3 Nf6 4. Nf3 a6 5. c5 Bf5 6. Bf4 e6 7. Qb3 Ra7 8. e3 Nbd7 9. Na4 Be7 10. Ne5 0-0 11. Be2 Nxe5 12. Bxe5 Nd7 13. 0-0 Nxe5 14. dxe5 f6 15. exf6 Bxf6 16. Bd3 Bxd3 17. Qxd3 Ra8 18. Rab1 Qe7 19. Nb6 Rae8 20. b4 Be5 21. g3 Rf3 22. Qc2 Ref8 23. a4 h5 24. Qg6 h4 25. Qh5 R8f5 26. Qxh4 Qxh4 27. gxh4 Bf6 28. Nc8 Bxh4 29. Kg2 Rxf2+ 30. Rxf2 Rxf2+ 31. Kh3 Bg5 32. Nd6 Bxe3 33. Nxb7 Bg5 34. Na5 Ra2 35. Nxc6 Rxa4 36. Nd4 Kf7 37. Rf1+ Bf6 38. Nc6 Ke8 39. Rb1 Kd7 40. b5 axb5 41. Nb8+ Kc7 42. Rxb5 Ra8 43. Rb6 Rxb8 44. Rxe6 Rb5 45. Kg4 Rxc5 46. h3 Kd7 47. Ra6 d4 48. Kf4 Rc3 49. h4 Bxh4 50. Ra7+ Rc7 51. Ra5 Bf6 52. Ke4 Ke6 53. Ra6+ Kf7 54. Ra1 Rd7 55. Rd1 Ke6 56. Rd3 Rc7 57. Ra3 Rc6 58. Rb3 Rc3 59. Rb6+ Kf7 60. Rb7+ Kg6 61. Rd7 Re3+ 62. Kf4 Be5+ 63. Kg4 d3 64. Rd5 Re4+ 65. Kf3 Rd4 66. Rxe5 d2 67. Ke3 d1R 0-1

[Event "Olympiad-43"]
[Site "Batumi"]
[Date "2018.09.26"]
[Round "3.85"]
[White "Ebosse, Kingue Victor"]
[Black "Yahi, Mohamed Salem"]
[Result "0-1"]
[WhiteElo "2060"]
[BlackElo "1926"]
[PlyCount "84"]
[EventDate "2018.09.24"]
[EventType "team-swiss"]
[EventRounds "11"]
[EventCountry "GEO"]
[SourceTitle "CBM 187"]
[Source "ChessBase"]
[SourceDate "2018.12.11"]
[SourceVersion "1"]
[SourceVersionDate "2018.12.11"]
[SourceQuality "1"]
[WhiteTeam "Cameroon"]
[BlackTeam "Mauritania"]
[WhiteTeamCountry "CAM"]
[BlackTeamCountry "MAU"]

1. e4 d6 2. d4 Nf6 3. Nc3 g6 4. f4 Bg7 5. Nf3 0-0 6. Be3 Bg4 7. Qd2 Na6 8. h3 Bxf3 9. gxf3 c5 10. d5 e6 11. dxe6 fxe6 12. Bc4 Nc7 13. 0-0-0 b5 14. Nxb5 Nxb5 15. Bxb5 Qb6 16. c4 a6 17. Ba4 Rfd8 18. Qc2 Rab8 19. Rh2 Ne8 20. b3 Nc7 21. f5 exf5 22. exf5 d5 23. Rg2 Qf6 24. Bg5 Qa1+ 25. Kd2 dxc4+ 26. Bxd8 Rxd8+ 27. Ke2 Qe5+ 28. Kf1 Rxd1+ 29. Qxd1 Nd5 30. Kg1 Qxf5 31. Rd2 Bd4+ 32. Rxd4 cxd4 33. Qxd4 Qxf3 34. Qxc4 Qg3+ 35. Kf1 Qxh3+ 36. Ke1 Qc3+ 37. Ke2 Qxc4+ 38. bxc4 Nc3+ 39. Kd3 Nxa4 40. Kc2 h5 41. Kb3 Nc5+ 42. Kb4 Nb7 0-1

[Event "MTN-ch"]
[Site "Nouakchott"]
[Date "2017.12.30"]
[Round "8"]
[White "Yahi, Mohamed Salem"]
[Black "Hemam, Moulaye Brahim"]
[Result "0-1"]
[WhiteElo "1886"]
[BlackElo "2055"]
[PlyCount "62"]
[EventDate "2017.12.23"]
[EventType "tourn"]
[EventRounds "9"]
[EventCountry "MAU"]
[SourceTitle "CBM 182 Extra"]
[Source "ChessBase"]
[SourceDate "2018.02.23"]
[SourceVersion "1"]
[SourceVersionDate "2018.02.23"]
[SourceQuality "1"]

1. e4 c5 2. Nf3 d6 3. d4 cxd4 4. Nxd4 Nf6 5. Nc3 a6 6. g3 e5 7. Nde2 b5 8. Bg2 Bb7 9. Bg5 Nbd7 10. Nd5 Bxd5 11. exd5 Be7 12. 0-0 h6 13. Bc1 Rc8 14. a4 b4 15. Bd2 Qa5 16. Qe1 Nxd5 17. c3 bxc3 18. Nxc3 Nxc3 19. Bxc3 Qb6 20. Kh1 0-0 21. f4 Bf6 22. a5 Qb5 23. Rd1 exf4 24. Rxf4 Bxc3 25. bxc3 Ne5 26. Rxd6 Nd3 27. Qf1 Nxf4 28. Qxb5 axb5 29. gxf4 Rxc3 30. Bd5 Ra3 31. a6 Rc8 0-1

[Event "MTN-ch"]
[Site "Nouakchott"]
[Date "2016.12.30"]
[Round "4"]
[White "Hemam, Moulaye Brahim"]
[Black "Yahi, Mohamed Salem"]
[Result "1-0"]
[WhiteElo "2004"]
[BlackElo "1850"]
[PlyCount "63"]
[EventDate "2016.12.23"]
[EventType "tourn"]
[EventRounds "9"]
[EventCountry "MAU"]
[SourceTitle "CBM 176 Extra"]
[Source "ChessBase"]
[SourceDate "2017.03.02"]
[SourceVersion "1"]
[SourceVersionDate "2017.03.02"]
[SourceQuality "1"]

1. d4 c6 2. Nf3 d6 3. g3 Qc7 4. Bg2 Nf6 5. 0-0 Bg4 6. h3 Bh5 7. c4 Nbd7 8. Nc3 e5 9. b3 Be7 10. Ba3 exd4 11. Nxd4 Bg6 12. Qd2 0-0 13. Rad1 Nc5 14. Qf4 Nh5 15. Qf3 Rad8 16. g4 Nf6 17. Nf5 Bxf5 18. Qxf5 g6 19. Qf4 Ne6 20. Qd2 d5 21. Bxe7 Qxe7 22. cxd5 cxd5 23. Nxd5 Nxd5 24. Bxd5 Nc7 25. e4 Ne6 26. Qe3 Ng5 27. f4 Ne6 28. f5 Nc5 29. f6 Qc7 30. Qh6 Ne6 31. Bxe6 fxe6 32. Rxd8 1-0

[Event "Olympiad-42"]
[Site "Baku"]
[Date "2016.09.09"]
[Round "7.1"]
[White "Manan, Yoboue Hermann"]
[Black "Yahi, Mohamed Salem"]
[Result "1-0"]
[WhiteElo "2115"]
[BlackElo "1852"]
[PlyCount "43"]
[EventDate "2016.09.02"]
[EventType "team-swiss"]
[EventRounds "11"]
[EventCountry "AZE"]
[SourceTitle "CBM 175"]
[Source "ChessBase"]
[SourceDate "2016.11.10"]
[SourceVersion "1"]
[SourceVersionDate "2016.11.10"]
[SourceQuality "1"]
[WhiteTeam "Ivory Coast"]
[BlackTeam "Mauritania"]
[WhiteTeamCountry "IVO"]
[BlackTeamCountry "MAU"]

1. e4 d6 2. d4 Nf6 3. Nc3 g6 4. Bc4 c6 5. Bb3 Bg7 6. Qe2 0-0 7. Nf3 b5 8. e5 dxe5 9. dxe5 Ng4 10. h3 Nh6 11. Bg5 b4 12. Rd1 Qc7 13. Ne4 Ba6 14. Qd2 Nf5 15. g4 Bxe5 16. gxf5 Bxb2 17. c3 gxf5 18. Bh6 Kh8 19. Bxf8 fxe4 20. Qxb2 Nd7 21. cxb4+ Nf6 22. Qe5 1-0

[Event "Olympiad-42"]
[Site "Baku"]
[Date "2016.09.06"]
[Round "5.2"]
[White "Yahi, Mohamed Salem"]
[Black "Espirito Santo, Waldyr"]
[Result "1/2-1/2"]
[WhiteElo "1852"]
[BlackElo "1915"]
[PlyCount "106"]
[EventDate "2016.09.02"]
[EventType "team-swiss"]
[EventRounds "11"]
[EventCountry "AZE"]
[SourceTitle "CBM 175"]
[Source "ChessBase"]
[SourceDate "2016.11.10"]
[SourceVersion "1"]
[SourceVersionDate "2016.11.10"]
[SourceQuality "1"]
[WhiteTeam "Mauritania"]
[BlackTeam "Sao Tome and Principe"]
[WhiteTeamCountry "MAU"]
[BlackTeamCountry "SAO"]

1. d4 Nf6 2. c4 g6 3. Nc3 Bg7 4. Nf3 0-0 5. Bg5 h6 6. Bf4 d6 7. Qd2 Kh7 8. e4 e5 9. dxe5 dxe5 10. Qxd8 Rxd8 11. Bxe5 Re8 12. Bxf6 Bxf6 13. Nd2 Na6 14. Bd3 Nc5 15. Bc2 Bxc3 16. bxc3 f5 17. f3 fxe4 18. Nxe4 Bf5 19. 0-0 Bxe4 20. Bxe4 Nxe4 21. fxe4 Re7 22. Rae1 Kg7 23. Rf3 a5 24. a4 Ra6 25. Rd3 Rc6 26. Rd4 Rf6 27. e5 Rf5 28. Rd5 b6 29. h3 Kf7 30. g4 Rf3 31. Rf1 Rxf1+ 32. Kxf1 Ke6 33. Rb5 h5 34. c5 Rf7+ 35. Ke2 hxg4 36. cxb6 gxh3 37. b7 h2 38. b8Q h1Q 39. Qe8+ Re7 40. Qxg6+ Kd7 41. Qf5+ Re6 42. Qf7+ Re7 43. Qd5+ Qxd5 44. Rxd5+ Ke6 45. Rxa5 Kf5 46. Kd3 Rxe5 47. Rxe5+ Kxe5 48. Kc4 Kd6 49. Kb5 Kd7 50. c4 Kc8 51. c5 Kb7 52. c6+ Ka7 53. Kc4 Ka6 1/2-1/2

[Event "MTN-ch"]
[Site "Nouakchott"]
[Date "2015.12.26"]
[Round "8"]
[White "Tajedine, Sidi Mohamed"]
[Black "Yahi, Mohamed Salem"]
[Result "1-0"]
[WhiteElo "1809"]
[BlackElo "1867"]
[PlyCount "122"]
[EventDate "2015.12.19"]
[EventType "swiss"]
[EventRounds "9"]
[EventCountry "MAU"]
[SourceTitle "EXT 2018"]
[Source "ChessBase"]
[SourceDate "2017.10.13"]
[SourceVersion "1"]
[SourceVersionDate "2017.10.13"]
[SourceQuality "1"]

1. e4 d5 2. exd5 Nf6 3. d4 Nxd5 4. c4 Nb4 5. Qa4+ N8c6 6. a3 b5 7. cxb5 Bf5 8. axb4 Nxd4 9. Na3 Qd5 10. Be3 e5 11. Bxd4 Qxd4 12. Be2 Bxb4+ 13. Kf1 0-0 14. Nc2 Bxc2 15. Qxc2 Bc5 16. Nh3 h6 17. Rd1 Qb4 18. Qc4 Rad8 19. Qxb4 Bxb4 20. g3 Rxd1+ 21. Bxd1 Rd8 22. Kg2 Rd2 23. b3 Bc5 24. Bf3 f5 25. Rd1 Rb2 26. Bd5+ Kf8 27. Bc4 g5 28. Kh1 g4 29. Ng1 Ke7 30. Re1 Kf6 31. Re2 Rb1 32. Rc2 e4 33. Kg2 e3 34. fxe3 Bxe3 35. Ne2 Bb6 36. Rc1 Rb2 37. Rf1 Rd2 38. Kh1 Bc5 39. Nf4 Bd6 40. Nd5+ Kg5 41. Nf4 h5 42. Ng2 Bc5 43. Be6 Rf2 44. Rxf2 Bxf2 45. Nf4 h4 46. Kg2 Bb6 47. h3 Bc5 48. Nd3 gxh3+ 49. Kxh3 Bd6 50. gxh4+ Kf6 51. Bd5 Be7 52. Bc4 Bd6 53. Kg2 Kg6 54. Kf3 Kh5 55. Be6 Kxh4 56. Bxf5 Kg5 57. Ke4 Kf6 58. Bh3 Bh2 59. Kd5 Ke7 60. Kc6 Bg1 61. Kxc7 Bb6+ 1-0